Real Salt Lake City current squad - Statistics

General Stats
  • This quiz has been taken 14 times
  • The average score is 10 of 29
Answer Stats
Number Player % Correct
15 Justen Glad
75%
18 Zac MacMath
75%
8 Damir Kreilach
67%
1 David Ochoa
67%
2 Andrew Brody
50%
30 Marcelo Silva
50%
14 Rubio Rubin
50%
22 Aaron Herrera
42%
13 Nick Besler
42%
12 Scott Caldwell
42%
11 Sergio Cordova
42%
20 Erik Holt
33%
25 Everton Luiz
33%
99 Jaziel Orozco
33%
9 Justin Meram
33%
16 Maikel Chang
33%
6 Pablo Ruiz
33%
21 Tate Schmitt
33%
7 Bobby Wood
25%
28 Jasper Loffelsend
25%
31 Axel Kei
17%
19 Bode Davis
17%
10 Jonathan Menendez
17%
32 Zack Farnsworth
17%
27 Bret Halsey
8%
17 Christopher Garcia
8%
24 Jeff Dewsnup
8%
4 Johan Kappelhof
8%
33 Julio Benitez
8%
No matching quizzes found
Score Distribution
Percent of People with Each Score
Percentile by Number Answered
Your Score History
You have not taken this quiz